Least Guessed Countries Quiz - Statistics

General Stats
  • This quiz has been taken 2 times
  • The average score is 9 of 32
Answer Stats
Precentage Correctly Guessed Answer % Correct
20% Nauru
100%
21% Palau
100%
21% Saint Vincent and the Grenadines
100%
20% São Tomé and Príncipe
100%
21% Comoros
50%
25% East Timor
50%
24% Guinea-Bissau
50%
25% Saint Kitts and Nevis
50%
28% Samoa
50%
28% Seychelles
50%
27% Tonga
50%
22% Tuvalu
50%
24% Vanuatu
50%
25% Antigua and Barbuda
0%
29% Bahrain
0%
29% Benin
0%
26% Brunei
0%
27% Burkina Faso
0%
26% Burundi
0%
26% Cape Verde
0%
28% Djibouti
0%
26% Equatorial Guinea
0%
28% Federated States of Micronesia
0%
27% Gabon
0%
29% Gambia
0%
22% Grenada
0%
21% Kiribati
0%
30% Malawi
0%
23% Marshall Islands
0%
29% Mauritius
0%
25% Saint Lucia
0%
25% Solomon Islands
0%
No matching quizzes found
Score Distribution
Percent of People with Each Score
Percentile by Number Answered
Your Score History
You have not taken this quiz